000 00708nam a22001577a 4500
003 OSt
005 20150928110751.0
008 150928b xxu||||| |||| 00| 0 eng d
040 _cRUA
082 _aAGR THA 2010 B047 Or.1
100 _91482
_aTHANN, DARA
245 _aArthropod pests and natural enemies on cashew tree in prasambo district, kampong thom province, (ប្រភេទសត្វល្អិតចង្រៃនិងមានប្រយោជន៏លើដំណាំស្វាយចន្ទីនៅស្រុកប្រាសាទសំបូរខេត្តកំពង់ធំ)
260 _aPhnom Penh
_bRUA
_c2010
300 _axii, 73p.
_bill.
_c29cm.
942 _2ddc
_cAGR
999 _c1393
_d1393